000 01777cam a2200565Ia 4500
999 _c1201
_d1201
001 002026336
003 OSt
005 20210624092115.0
008 100709s2011 at a b 001 0 eng d
020 _a9781439046739 (pbk.) :
020 _a1439046735 (pbk.)
035 _aNHCCYBP
035 _a(OCoLC)646461215
035 _a(OCoLC)690332184
035 _aNHCCYBP
040 _aMDK
_cMDK
_dJE5
_dYDXCP
_dBWX
049 _aMYGS
050 0 4 _aQH307.2
_b.S73 2011
092 0 _a570.76
_bSTA
_222
099 _aQH307.2.S73 2011
100 1 _aStarr, Cecie.
245 1 0 _aBiology :
_bconcepts and applications /
_cCecie Starr, Christine A. Evers, Lisa Starr.
250 _a8th ed.
260 _aAustralia ;
_aUnited States :
_bBrooks/Cole, Cengage Learning ;
_a[Belmont, Calif. :
_bThomson],
_cc2011.
300 _a761 p. :
_bcol. ill. ;
_c28 cm.
336 _atext
_btxt
_2rdacontent
337 _aunmediated
_bn
_2rdamedia
338 _avolume
_bnc
_2rdacarrier
500 _aIncludes appendices and a glossary.
504 _aIncludes bibliographical references and index.
520 _aBiology textbook that highlights the connections between biology and real life.
650 0 _aBiology.
650 0 _aBiology
_xStudy and teaching (Higher)
700 1 _aEvers, Christine A.
700 1 _aStarr, Lisa.
910 _aMARCIVEAUT
910 _aMARCIVEAUT
910 _aMARCIVEAUT
910 _aMARCIVEAUT
910 _aPromptCat
910 _aMARCIVEAUT
910 _aMARCIVEAUT
910 _aPromptCat
910 _aMARCIVEAUT
910 _aPromptCat
942 _2lcc
_cBK
_nDO
949 0 _4IP
_as
_bSCI
_cSTACK
_o0
_p39080035525994
_x01
_hQH307.2.S73 2011